| 000 | 00796nam a22002177a 4500 | ||
|---|---|---|---|
| 999 |
_c2789 _d2789 |
||
| 003 | AR-CdUCM | ||
| 008 | 190305b ||||| |||| 00| 0 spa d | ||
| 040 |
_aMUNICIPALIDAD PROVINCIAL DEL CUSCO _cBIBLIOTECA MUNICIPAL DEL CUSCO |
||
| 082 |
_a376.3 / _bK59 |
||
| 100 |
_aKlausmeier, Herbert _99719 |
||
| 245 | _aLa enseñanza en la escuela primaria / | ||
| 260 |
_aBueno Aires : _bAteneo, _c1968. |
||
| 300 |
_a505 páginas ; _c22 cm. |
||
| 505 | _aDemandas de la enseñanza en la escuela primaria -- Propósitos de la enseñanza -- Responsabilidad que se le asigna al maestro... | ||
| 650 |
_aMetodología de enseñanza. _99720 |
||
| 650 |
_aPedagogía. _91560 |
||
| 650 |
_aEnseñanza primaria. _95213 |
||
| 700 |
_aDresden, Katharine _99721 |
||
| 942 |
_2ddc _cLIBROS |
||
| 945 |
_awfj _d2019-03-05 |
||